000
00207 a2200097 4500
001
14806
100
_a
Farooqi
245
_a
Safr Nama-i-Iqbal
260
_a
Karachi
_b
Maktabai Mayar
_c
090
_c
11585
_d
11585
942
_a
NUST-CAE
_c
M
_c
1764
999
_c
249879
_d
249879